000 00667nam a22002297a 4500
005 20170124105918.0
010 _aA-821997
020 _c00.00
_a156765384
035 _aA-821997
037 _bCen Lib/Ret
040 _aDPL
_bEN
082 _a001.6424
_bREI
100 _aReisher, Trudi
_93530
245 _aWindows 95 sneak preview /
_cby Trudi Reisher
260 _aUSA
_bAlpha Books
_c1994
270 _a201 West 103rd Street, Indianapolis
_bIndiana
_e46290
300 _a174p.
_c20cm(Hb)
500 _aIncludes index
650 _aComputer Technology
_93531
650 _aComputer Applications
_972021
942 _2ddc
_cEN
_h001.6424
_mREI
999 _c122990
_d122990